书目信息 |
| 题名: |
工会大辞典
|
|
| 作者: | 田明 , 徐建川 主编 | |
| 分册: | ||
| 出版信息: | 北京 经济管理出版社 1989.4 |
|
| 页数: | 743页 | |
| 开本: | 26cm | |
| 丛书名: | ||
| 单 册: | ||
| 中图分类: | D411-61 | |
| 科图分类: | ||
| 主题词: | 工人运动 , 工人群众组织 | |
| 电子资源: | ||
| ISBN: | 7-80025-117-9 | |
| 000 | 00752nam0 2200241 45 | |
| 001 | 0189024352 | |
| 005 | 20050629155034.2 | |
| 010 | @a7-80025-117-9@b精装@dCNY22.00 | |
| 100 | @a19910905d1989 m y0chiy0120 ea | |
| 101 | 0 | @achi |
| 102 | @aCN@b110000 | |
| 105 | @ay e 001yy | |
| 200 | 10 | @a工会大辞典@Agong hui da ci dian@f田明,徐建川主编@FTian Ming,Xu Jian Chuan Zhu Bian |
| 210 | @a北京@c经济管理出版社@d1989.4 | |
| 215 | @a743页@d26cm | |
| 330 | @a本辞典共十七篇,收录了工会基础理论知识,中国工运人物、中国工运事件等有关工会运动和工会工作的词目3606条。 | |
| 606 | 0 | @a工人运动 |
| 606 | 0 | @a工人群众组织 |
| 690 | @aD411-61 | |
| 701 | 0 | @a田明@4主编 |
| 701 | 0 | @a徐建川@4主编 |
| 801 | 0 | @aCN@bNLC@c19910905 |
| 905 | @f1@b220251@dD411-61@e14 | |
| 工会大辞典/田明,徐建川主编.-北京:经济管理出版社,1989.4 |
| 743页;26cm |
| ISBN 7-80025-117-9(精装):CNY22.00 |
| 本辞典共十七篇,收录了工会基础理论知识,中国工运人物、中国工运事件等有关工会运动和工会工作的词目3606条。 |
| ● |
| 相关链接 |
|
|
|
|
正题名:工会大辞典
索取号:D411-61/14
 
预约/预借
| 序号 | 登录号 | 条形码 | 馆藏地/架位号 | 状态 | 备注 |
| 1 | 0220251 | 001692118 | 第一样本阅览室/ [索取号:D411-61/14] | 在馆 |